Estadísticas para Países por Bandera y Forma #3

Haz click aquí para tomar la prueba!

Estadísticas generales

  • Esta prueba ha sido tomada 577 veces
  • La puntuación promedio es 13 de 16

Estadísticas de respuestas

Answer % Correcto
China
100%
Canadá
99%
España
99%
Reino Unido
97%
Israel
96%
Perú
95%
Sri Lanka
83%
Bielorrusia
81%
Trinidad y Tobago
77%
Papua Nueva Guinea
75%
Moldavia
74%
Níger
67%
Bahamas
64%
Burkina Faso
63%
Guyana
61%
Fiyi
54%

Distribución de puntuación

Porcentaje por número respondido

Porcentaje de gente con cada puntuación

Historial de tus puntuaciones

No has tomado esta prueba